000 00982nam0a22002771 4500
001 rc\3921625
005 20130415110943.5
021 _aRU
_b[50-39493]
035 _a(NLR Aleph) 008026350
090 _a8792997
_c8792997
100 _a20130415d1950 |||y0rusy50 ca
101 0 _arus
102 _aRU
105 _ay z |||a|
200 1 _aСтепь Донецкая
_eСтихи и песни
210 _aМосква
_cСов. писатель
_d1950
_gТип. № 3 Упр. изд-в и полиграфии в Л.
215 _a132 с.
_d17
300 _aПеред загл. авт.: Павел Беспощадный
606 _aШахтеры в СССР (х. л.)
_2psbo
607 _aДонецкий угольный бассейн (х. л.)
_2psbo
700 1 _aБеспощадный
_bП. Г.
_f1895-1968
_gПавел Григорьевич
801 0 _aRU
_bNLR
_gpsbo
801 1 _aRU
_bELAR
_2rusmarc
852 _aNLR
_jЛ30 Г-1/1317
942 _cBOOK
980 _aNB